The photo-method for party baking /

Bibliographic Details
Main Author: Roberts, Virginia
Corporate Authors: Russell-Miller Milling Co. (Minneapolis, Minn.), Occident Home Baking Institute
Format: Book
Language:English
Published: [Minneapolis, Minn.] : Russell-Miller Milling Co., [1947]
Subjects:

MARC

Tag First Indicator Second Indicator Subfields
LEADER 00000cam a2200000Ia 4500
001 in00002486413
005 20190207101951.0
008 010119s1947 mnua 000 0 eng d
035 |a (OCoLC)ocm45750747 
035 |a (OCoLC)45750747 
040 |a BGU  |c BGU  |d TXA  |d UtOrBLW 
049 |a TXAM 
090 |a TX765  |b .R63 1947 
100 1 |a Roberts, Virginia. 
245 1 4 |a The photo-method for party baking /  |c by Virginia Roberts. 
264 1 |a [Minneapolis, Minn.] :  |b Russell-Miller Milling Co.,  |c [1947] 
264 4 |c ©1947 
300 |a 26 pages :  |b illustrations ;  |c 20 x 14 cm. 
336 |a text  |b txt  |2 rdacontent 
337 |a unmediated  |b n  |2 rdamedia 
338 |a volume  |b nc  |2 rdacarrier 
500 |a The Cushing Library/Chapman Texas Collection copy is part of the Floyd & Louise Chapman Texas & Borderlands Collection.  |5 TXA 
500 |a Cover title. 
500 |a "This new photo-method tested and perfected in the Occident Home Baking Institute, Minneapolis, Minn." 
500 |a Includes index. 
500 |a "The Texas Cookbook Collection." 
536 |a Cushing Library Texas copy was donated 1999 by Ona Stribling Beams, Dallas, Texas, in memory of George William Beams, Class of 1929. 
650 0 |a Baking. 
650 0 |a Parties. 
650 0 |a Cooking, American. 
710 2 |a Russell-Miller Milling Co. (Minneapolis, Minn.) 
710 2 |a Occident Home Baking Institute. 
948 |a cataloged  |b h  |c 2009/1/7  |d c  |e ceaton  |f 10:38:22 am 
994 |a C0  |b TXA 
999 |a MARS 
999 f f |s 2beb7c68-1bc6-3216-a384-6dbc2f521fd7  |i ce736423-5b4e-3917-9693-c9a6563a73b1  |t 0 
952 f f |p noncirc  |a Texas A&M University  |b College Station  |c Cushing Memorial Library & Archives  |d Cushing: Chapman Texas Collection (Does not check out)  |t 0  |e TX765 .R63 1947  |h Library of Congress classification  |i unmediated -- volume 
998 f f |a TX765 .R63 1947  |t 0  |l Cushing: Chapman Texas Collection (Does not check out)